Home Print Resources E-Books E-Journals IIMT Lecture Series Library Membership Form Book Recommendation Form Campus Tour Take AdmissionAbout Us Contact Us

OBJECT ORIENTED PROGRAMMING (Record no. 46846)

000 -LEADER
fixed length control field 00389nam a22001577a 4500
003 - CONTROL NUMBER IDENTIFIER
control field OSt
005 - DATE AND TIME OF LATEST TRANSACTION
control field 20240406141346.0
008 - FIXED-LENGTH DATA ELEMENTS--GENERAL INFORMATION
fixed length control field 190425b xxu||||| |||| 00| 0 eng d
020 ## - INTERNATIONAL STANDARD BOOK NUMBER
International Standard Book Number 978-9389949186
040 ## - CATALOGING SOURCE
Transcribing agency IIMT UNIVERSITY
100 ## - MAIN ENTRY--PERSONAL NAME
Personal name BALAGURSWAMY
245 ## - TITLE STATEMENT
Title OBJECT ORIENTED PROGRAMMING
260 ## - PUBLICATION, DISTRIBUTION, ETC.
Place of publication, distribution, etc. NEW DELHI
Name of publisher, distributor, etc. TATA MC GRAW HILL
Date of publication, distribution, etc. 2002
300 ## - PHYSICAL DESCRIPTION
Extent 614
942 ## - ADDED ENTRY ELEMENTS (KOHA)
Source of classification or shelving scheme
Koha item type Book Bank
Holdings
Withdrawn status Lost status Source of classification or shelving scheme Damaged status Not for loan Home library Current library Date acquired Cost, normal purchase price Total Checkouts Barcode Date last seen Date last checked out Price effective from Koha item type
          IIMT University Central Library Meerut IIMT University Central Library Meerut 04/25/2019 220.00 2 01-B-33950 01/13/2020 09/25/2019 04/25/2019 Book Bank
          IIMT University Central Library Meerut IIMT University Central Library Meerut 04/25/2019 220.00   01-B-33951 04/25/2019   04/25/2019 Book Bank
          IIMT University Central Library Meerut IIMT University Central Library Meerut 04/25/2019 220.00   01-B-33952 04/25/2019   04/25/2019 Book Bank
          IIMT University Central Library Meerut IIMT University Central Library Meerut 04/25/2019 220.00 1 01-B-33953 01/14/2020 09/14/2019 04/25/2019 Book Bank
          IIMT University Central Library Meerut IIMT University Central Library Meerut 04/25/2019 220.00   01-B-33954 04/25/2019   04/25/2019 Book Bank
IIMT, Central Library. All Rights Reserved IIMT,UNIVERSITY © 2023
Implemented and Customised by I CLOUDE EMS
You Are OPAC Visitor No
free web counter

Powered by Koha